Places with the Tallest Freestanding Structures in the World - Statistics

General Stats
  • This quiz has been taken 41 times
  • The average score is 13 of 15
Answer Stats
Building Height (feet) City Type % Correct
Burj Khalifa 2,722 Dubai Skyscraper
100%
________ Tower 2,073 Shanghai Skyscraper
100%
________ World Financial Center 1,617 Shanghai Skyscraper
100%
_____ Skytree 2,080 Tokyo Communications Tower
100%
One World Trade Centre 1,776 New York City Skyscraper
94%
Willis Tower 1,729 Chicago Skyscraper
91%
CN Tower 1,815.4 Toronto Communications Tower
91%
Canton Tower 1,982 Guangzhou Communications Tower
88%
CTF Finance Centre 1,740 Guangzhou Skyscraper
88%
Lotte World Tower 1,823 Seoul Skyscraper
88%
______ 101 1,671 Taipei Skyscraper
88%
Abraj Al Bait Towers 1,972 Mecca Skyscraper
74%
Ostankino Tower 1,772 Moscow Communications Tower
74%
Ping An Finance Centre 1,969 Shenzhen Skyscraper
68%
Goldin Finance 117 1,959 Tianjin Skyscraper
50%
No matching quizzes found
Score Distribution
Percent of People with Each Score
Percentile by Number Answered
Your Score History
You have not taken this quiz